00860nam a2200217 a 450000100100000000500170001000800410002704000250006808200160009310000410010924500660015026000330021630000210024949000420027059000670031250000500037970000330042983000490046295201140051199900170062500004509320201002045855.0101014s1973 mx 000 0 spa d aDO-SdBNPbspacBNPHU axxxxbD724j1 aDostoievski, Fedord1821-188197311110aEl jugador /cFedor Dostoievski; traducción, Alfonso Nadal. aMéxico :bNacional,c1973. a282 p. ;c19 cm.1 aAutores modernos y contemporaneosv95 aPerteneció a la biblioteca personal de Germán Emilio Ornes aLa biblioteca posee la reimpresión del 19731 aNadal, Alfonsoetrad.943760 0aAutores modernos y contemporaneosn95973112 001050718MOaGRbGRcCTd2015-02-02iLF1l0oxxxx D724jp45093-10r2020-06-25w2020-06-25y1ZNo se presta c44582d44582